Determination of sulphur in illuminating gas.

Bibliographic Details
Other Authors: McBride, R. S. (Russell Smith), 1887-, Weaver, Elmer R.
Format: Government Document eBook
Language:English
Published: [Washington?] : U.S. Government Printing Office, 1913.
Series:Technologic Papers No. 20
Subjects:
Online Access:Connect to the full text of this electronic document

MARC

Tag First Indicator Second Indicator Subfields
LEADER 00000cam a22000001a 4500
001 in00003663379
005 20190408174651.0
006 m o d f
007 cr bn mmmapmmp
008 040322s1913 dcu o f000 0 eng d
035 |a ebd1910201832 
040 |a UMI  |c UMI  |d UtOrBLW 
086 0 |a C 13.8:20 
099 |a C13.8-20 
245 0 0 |a Determination of sulphur in illuminating gas. 
264 1 |a [Washington?] :  |b U.S. Government Printing Office,  |c 1913. 
300 |a 1 online resource (46 pages) 
336 |a text  |b txt  |2 rdacontent 
337 |a computer  |b c  |2 rdamedia 
338 |a online resource  |b cr  |2 rdacarrier 
490 0 |a Technologic Papers No. 20 
500 |a [On methods, with data from experiments] 
500 |a Record is based on bibliographic data in ProQuest U.S. Executive Branch Documents, 1910-1932. Reuse except for individual research requires license from ProQuest, LLC. 
533 |a Electronic reproduction.  |b [Bethesda, Md.] :  |c ProQuest,  |d 2012.  |e digital, PDF file.  |n ProQuest U.S. Executive Branch Documents, 1910-1932.  |n Mode of access: World Wide Web via ProQuest website. 
538 |a System requirements: PDF reader software. 
500 |a Electronic resource. 
650 0 |a Sulfur.  |0 http://id.loc.gov/authorities/subjects/sh85130365 
655 7 |a Electronic books.  |2 local 
700 1 |a McBride, R. S.  |q (Russell Smith),  |d 1887-  |0 http://id.loc.gov/authorities/names/no2008041636 
700 1 |a Weaver, Elmer R. 
776 1 8 |i Microfiche version:  |t Determination of sulphur in illuminating gas  |o CIS US Exec MF C13.8-20  |w (ProQuest)cis19121354 
856 4 0 |u http://proxy.library.tamu.edu/login?url=http://congressional.proquest.com/congressional/docview/t66.d71.c13.8-20  |z Connect to the full text of this electronic document  |t 0 
999 f f |s 4e39b21c-66e6-3a63-bcc7-a0fcbef059d0  |i 5d03f77a-db09-39ef-b326-b33d24ec1657  |t 0 
952 f f |a Texas A&M University  |b College Station  |c Electronic Resources  |d Available Online  |t 0  |h No information provided 
998 f f |t 0  |l Available Online